| 000 | 00858nam a22002177a 4500 | ||
|---|---|---|---|
| 999 |
_c7433 _d7433 |
||
| 003 | AR-CdUCM | ||
| 008 | 190320b ||||| |||| 00| 0 spa d | ||
| 040 |
_aMUNICIPALIDAD PROVINCIAL DEL CUSCO _cBIBLIOTECA MUNICIPAL DEL CUSCO |
||
| 082 |
_a520 / _bR81 |
||
| 100 |
_aRoman A. ,Colin _920959 |
||
| 245 | _aSecretos del Cosmos / | ||
| 260 |
_aEspaña : _bSALVAT editores S.A , _c1969. |
||
| 300 |
_a178 páginas ; _c18.5 cm. |
||
| 440 |
_alibros RTV _n18 _920960 |
||
| 505 | _aContenido : El tamaño del Universo -- Por qué brillan las estrellas -- Los instrumentos de que dispone el astronomo -- Vida y Muerte de las Estrellas -- Algunas Teorias sobre el universo -- El más allá en el Espacio... | ||
| 650 |
_aAstronomia _920961 |
||
| 650 |
_aEstudio de los Cuerpos Celestes _920962 |
||
| 650 |
_aAstrologia _97684 |
||
| 942 |
_2ddc _cLIBROS |
||
| 945 | _artm | ||